| 000 | 00436nam a2200181Ia 4500 | ||
|---|---|---|---|
| 005 | 20250423100639.0 | ||
| 008 | 250422s9999 xx 000 0 und d | ||
| 020 | _a0-471-40226-5 | ||
| 050 | _aHG 4515.3 .S534/ | ||
| 100 | _aGlenn Shafer | ||
| 245 | 0 | _aProbability and Finance: It's Only a Game! | |
| 260 | _aNew York | ||
| 260 | _bJohn Wiley & Sons | ||
| 260 | _c2001 | ||
| 300 | _a414 p | ||
| 650 | _aStatistics | ||
| 942 | _cBK | ||
| 999 |
_c33937 _d33937 |
||